| 000 | 01398nam0a2200373 4500 | ||
|---|---|---|---|
| 001 | RU\NLR\bibl\1800826 | ||
| 005 | 20260406041405.0 | ||
| 010 |
_a978-5-91921-057-3 _92000 |
||
| 021 |
_aRU _b2011-55488 _93946 |
||
| 035 | _a(nilc)RSL-KNO-004976483 | ||
| 035 | _a(NLR Aleph) 001791494 | ||
| 090 |
_a1760261 _c1760261 |
||
| 100 | _a20110718d2012 |||y0rusy50 ca | ||
| 101 | 1 |
_arus _cfre |
|
| 102 | _aRU | ||
| 105 | _aa ||||||||| | ||
| 200 | 1 |
_aРобинзонетта _e[повесть _eдля среднего школьного возраста] _fЭжен Мюллер _gпер. с фр. [В. Владимирова _gхудож. Ф. Ликс] |
|
| 210 |
_aМосква _cЭНАС-Книга _d2012 [т.е. 2011] |
||
| 215 |
_a189, [2] с. _cил. _d22 |
||
| 225 | 1 | _aКниги на все времена | |
| 300 | _aКн. фактически изд. в 2011 г. | ||
| 686 |
_aШ9(2)72(4Фр) _2rubbk |
||
| 686 | _aШ9(4Фр)62-4 | ||
| 700 | 1 |
_4070 _7ca _8rus _aМюллер _bЭ. _f1826-1913 _gЭжен _9111806 _3RU\NLR\AUTH\771788 |
|
| 702 | 1 |
_4440 _7ca _8rus _aЛикс _bФ.-Т. _f1830-1897 _gФредерик-Теодор _995259 _3RU\NLR\auth\77112334 |
|
| 801 | 0 |
_aRU _bRuMoRKP _c20110718 _grcr |
|
| 801 | 1 |
_aRU _bРГБ _c20110718 |
|
| 801 | 2 |
_aRU _bNLR _c20110822 _grcr |
|
| 942 | _cBOOK | ||
| 980 | _aNB | ||
| 980 | _aNBR | ||